00904nam a2200253 a 450000100100000000500170001000800410002702000150006804000250008308200180010810000680012624500870019426000450028130000210032649000230034765000270037065000280039765000300042570000220045583000300047704900090050795201170051699900170063300003434820200930073642.0100901s1980 es 000 d spa d a8474612098 aDO-SdBNPbspacBNPHU a842.42bM721t1 aMolière,d1622-1673qPoquelin Molière, Juan Bautista95977110aTartufo :bcomedia en cinco acto /cMolière; traducción y prólogo A. Espina. aMadrid :bEditorial Mediterraneo,c1980. a125 p. ;c19 cm.1 aBolsillo edimev29 4aTeatro francés95359 4aComedia francesa913396 4aLiteratura francesa910741 aEspina, A.912788 0aBolsillo edimev29920258 aBNGR 0010507-18MOaGRbGRcOId2011-10-03iLF1l0o842.42 M721tp34348-10r2020-06-25w2020-06-25y1ZNo se presta c33839d33839